MARC

LEADER 00000nam0a2200000 4500
001 296093
005 20231102000855.0
035 |a (RuTPU)RU\TPU\book\321187 
090 |a 296093 
100 |a 20150527d1985 km y0rusy50 ca 
101 0 |a rus  |a eng  |a fre  |a ger  |a dut 
102 |a RU 
105 |a y e 000zy 
200 1 |a Словарь по электротехнике (английский, немецкий, французский, нидерландский, русский)  |e около 8000 терминов  |f Я. Н. Лугинский [и др.] 
210 |a Москва  |c Русский язык  |d 1985 
215 |a 480 с.  |c ил. 
606 1 |a Электротехника общая  |2 stltpush  |3 (RuTPU)RU\TPU\subj\20906  |9 45967 
606 1 |a Многоязычные словари  |2 stltpush  |3 (RuTPU)RU\TPU\subj\44177  |9 63548 
610 1 |a цепи 
610 1 |a теория 
610 1 |a электротехническое оборудование 
610 1 |a энергия 
610 1 |a производство 
610 1 |a передача 
610 1 |a распределение 
610 1 |a электропривод 
610 1 |a электрическое освещение 
610 1 |a словари 
675 |a 621.3(035)  |v 3 
686 |a Ш12-4  |2 rubbk 
701 1 |a Лугинский  |b Я. Н.  |g Яков Натанович 
701 1 |a Алексеев  |b Б. А.  |g Борис Алексеевич 
701 1 |a Махлин  |b Б. Ю.  |g Борис Юдович 
701 1 |a Сиротина  |b Н. Е. 
701 1 |a Фези-Жилинская  |b М. С. 
801 1 |a RU  |b 63413507  |c 20150527 
801 2 |a RU  |b 63413507  |c 20161223  |g RCR 
942 |c BK